Correctly Spelled European Capitals - Sudden Death - Statistics

General Stats
  • This quiz has been taken 37 times
    30 since last reset
  • The average score is 9 of 16
Answers on the Grid
Answers color-coded by a green-red scale on the quiz's grid according to % correct below.
Athens
Vilinius
Reykjavík
Valetta
Zagreb
Minsck
Sarajevo
Andorra la Valle
Copenhagen
Monacco
Berlin
Amsterdamm
Skopje
Buckarest
Stockholm
Belgrad
Madrid
Kyev
London
Luxemburg
Vaduz
Sophia
Lisbon
Brusells
Paris
Hellsinki
Budapest
Tiriana
Chișinău
Prauge
San Marino
Tallin
 
Answer Stats
Answer % Correct
London
73%
Paris
68%
Athens
64%
Madrid
64%
Lisbon
59%
Stockholm
59%
Vaduz
59%
Budapest
55%
San Marino
55%
Zagreb
55%
Copenhagen
50%
Reykjavík
50%
Sarajevo
50%
Berlin
45%
Chișinău
45%
Skopje
45%
No matching quizzes found
Score Distribution
Percent of People with Each Score
Percentile by Number Answered
Your Score History
You have not taken this quiz since the last reset